000 00562nam a2200193Ia 4500
003 GCL
008 140319s9999 xx 000 0 ara d
040 _aGCL /
_cGCL
082 0 4 _aط
_b602
_bع م
100 1 _aعصام سعدالدين
245 1 0 _aموسوعة العلم والتكنولوجيا /
_cعصام سعدالدين
700 1 _aمدحت عبد السميع
260 _a[S.N] :
_bدار الكتاب المصرى ،
_c1991
300 _aمتعدد
490 _a
650 0 4 _aالاطفال
650 0 4 _aالعلوم
942 _2ddc
_cBK
999 _c56880
_d56880